Účinok vybraných antokyánov na leukemické bunky

Enregistré dans:
Détails bibliographiques
Auteur principal: Svancárová, Katarína (Auteur)
Autres auteurs: Lakatoš, Boris (Directeur de thèse)
Format: Manuscrit Livre
Langue:slovaque
Publié: 2021
Sujets:
Accès en ligne:http://is.stuba.sk/zp/portal_zp.pl?podrobnosti=157545
Tags: Ajouter un tag
Pas de tags, Soyez le premier à ajouter un tag!

MARC

LEADER 00000ntm a22000003a 4500
001 stuzp84877
003 SK-STU
005 20210605211046.7
007 ta
008 150427s2015----xo-----f-mn---000-0-slo-d
040 |a STU  |b slo 
041 0 |a slo 
100 1 |a Svancárová, Katarína  |u 043000  |4 aut  |U FCHPT Fakulta chemickej a potravinárskej technológie  |T FCHPT Ústav biochémie a mikrobiológie  |X 81580  |U C3000  |Y 101  |7 81580 
242 0 1 |a Effect of selected anthocyanins on leukemic cells  |y eng 
245 1 0 |a Účinok vybraných antokyánov na leukemické bunky 
260 |c 2021 
650 4 |a antokyány  |2 slo 
650 4 |a antokyanidíny  |2 slo 
650 4 |a rakovina  |2 slo 
650 4 |a delfinidínchlorid  |2 slo 
650 4 |a anthocyanins  |2 eng 
650 4 |a anthocyanidins  |2 eng 
650 4 |a cancer  |2 eng 
650 4 |a delphinidin chloride  |2 eng 
700 1 |a Lakatoš, Boris  |u 043000  |k Z1  |4 ths  |U FCHPT Fakulta chemickej a potravinárskej technológie  |T FCHPT Ústav biochémie a mikrobiológie  |X 4011  |U C3000  |Y 101  |7 A000004011 
856 4 |u http://is.stuba.sk/zp/portal_zp.pl?podrobnosti=157545